000 00905 a2200181 4500
020 _a0130955124 (hardcover)
020 _a9780130955128 (hardcover)
082 0 4 _a808.042
090 _c4312
_d4312
100 1 _aTroyka, Lynn Quitman.
245 1 0 _aSimon & schuster handbook for writers /
_cLynn Quitman Troyka.
250 _a5th ed.
260 _a[S.l.] :
_bPrentice Hall,
_c1999.
300 _a846 p. ;
_c22 cm.
520 _aBest selling hardback reference handbook. Revision highlights Lynn Troyka's accessible style and clear explanations. Complete on-line coverage included. New design is color coded with an open layout for quicker, easier access to information. Comes with a dual-platform CD-ROM that includes Merriam Webster's Collegiate Dictionary and Thesaurus. _.
856 4 0 _3Amazon.com
_uhttp://www.amazon.com/exec/obidos/ASIN/0130955124/chopaconline-20
942 _aNBS
_cBK
_k808.042 TOR
999 _c346759
_d346759